LIBRARY & INFORMATION CENTRE, KCAET, TAVANUR

ONLINE PUBLIC ACCESS CATALOGUE (OPAC)

Statics / (Record no. 8820)

MARC details
000 -LEADER
fixed length control field 00641cam a2200277ua 4500
041 ## - LANGUAGE CODE
Language code of text/sound track or separate title eng
082 ## - DEWEY DECIMAL CLASSIFICATION NUMBER
Classification number 531.2
Item number RAM/ST
100 ## - MAIN ENTRY--AUTHOR NAME
Personal name Ramsey, A.S.
245 ## - TITLE STATEMENT
Title Statics /
250 ## - EDITION STATEMENT
Edition statement 2 /
260 ## - PUBLICATION, DISTRIBUTION, ETC. (IMPRINT)
Place of publication Cambridge :
Name of publisher Cambridge University Press ,
Year of publication 1965.
300 ## - PHYSICAL DESCRIPTION
Number of Pages 296 ; .
942 ## - ADDED ENTRY ELEMENTS (KOHA)
Koha item type Books
Holdings
Withdrawn status Lost status Damaged status Home library Current library Date acquired Full call number Accession Number Koha item type Public note
Withdrawn     KAUAET KAUAET 07/04/2012 531.2 9178 Books Deleted
      KAUAET KAUAET 07/04/2012 531.2 9185 Books  
Withdrawn     KAUAET Sanskrit University 07/04/2012 531.2 9183 Books  
Withdrawn     KAUAET Sanskrit University 07/04/2012 531.2 765 Books  
Withdrawn     KAUAET Sanskrit University 07/04/2012 531.2 9181 Books  
Withdrawn     KAUAET Sanskrit University 07/04/2012 531.2 9184 Books  
Withdrawn     KAUAET Sanskrit University 07/04/2012 531.2 9187 Books  
Withdrawn     KAUAET Sanskrit University 07/04/2012 531.2 9186 Books  
Withdrawn     KAUAET Sanskrit University 07/04/2012 531.2 9180 Books  
Withdrawn     KAUAET Sanskrit University 07/04/2012 531.2 9182 Books  
free website counter